Topografía práctica para el constructor / (Registro nro. 493)
[ vista simple ]
| 000 -LEADER | |
|---|---|
| fixed length control field | 01126nam a2200289Ia 4500 |
| 003 - CONTROL NUMBER IDENTIFIER | |
| control field | PE SENCICO BE |
| 005 - DATE AND TIME OF LATEST TRANSACTION | |
| control field | 20251020182439.0 |
| 008 - FIXED-LENGTH DATA ELEMENTS--GENERAL INFORMATION | |
| fixed length control field | 200515s9999 xx 000 0 und d |
| 020 ## - INTERNATIONAL STANDARD BOOK NUMBER | |
| International Standard Book Number | 84-329-2914-X |
| 040 ## - CATALOGING SOURCE | |
| Original cataloging agency | PE SENCICO BE |
| Transcribing agency | PE SENCICO BE |
| 041 ## - LANGUAGE CODE | |
| Language code of text/sound track or separate title | spa |
| 082 ## - DEWEY DECIMAL CLASSIFICATION NUMBER | |
| Classification number | 526.9 |
| Item number | Z94 1979 |
| 100 ## - MAIN ENTRY--PERSONAL NAME | |
| Personal name | Zurita Ruiz, José |
| Relator term | autor |
| 245 10 - TITLE STATEMENT | |
| Title | Topografía práctica para el constructor / |
| Statement of responsibility, etc. | José Zurita Ruíz |
| 250 ## - EDITION STATEMENT | |
| Edition statement | 18a ed. |
| 260 ## - PUBLICATION, DISTRIBUTION, ETC. | |
| Place of publication, distribution, etc. | Barcelona : |
| Name of publisher, distributor, etc. | Ediciones CEAC, |
| Date of publication, distribution, etc. | 1979 |
| 300 ## - PHYSICAL DESCRIPTION | |
| Extent | 184 páginas : |
| Other physical details | tablas, gráficos, |
| Dimensions | 22 cm. |
| 490 ## - SERIES STATEMENT | |
| Series statement | Monografías CEAC de construcción |
| 505 0# - FORMATTED CONTENTS NOTE | |
| Formatted contents note | Mediciones planimétricas -- Altimetría -- Taquimetría -- Movimiento de tierras -- Replanteos -- Mediciones de obras |
| 520 3# - SUMMARY, ETC. | |
| Summary, etc. | Estudio completo sobre la topografía y sus partes principales: Planimetría y Altimetría. Trae también como apéndice el nomenclator de topografía, fórmulas y tablas. |
| 650 10 - SUBJECT ADDED ENTRY--TOPICAL TERM | |
| Topical term or geographic name entry element | Topografía |
| 9 (RLIN) | 4 |
| 650 20 - SUBJECT ADDED ENTRY--TOPICAL TERM | |
| Topical term or geographic name entry element | Altimetría |
| 9 (RLIN) | 3228 |
| 650 20 - SUBJECT ADDED ENTRY--TOPICAL TERM | |
| Topical term or geographic name entry element | Nivelación de terrenos |
| 9 (RLIN) | 3229 |
| 650 20 - SUBJECT ADDED ENTRY--TOPICAL TERM | |
| Topical term or geographic name entry element | Planimetría |
| 9 (RLIN) | 1232 |
| 650 20 - SUBJECT ADDED ENTRY--TOPICAL TERM | |
| Topical term or geographic name entry element | Taquimetría |
| 9 (RLIN) | 912 |
| 942 ## - ADDED ENTRY ELEMENTS (KOHA) | |
| Koha item type | Libros |
| Source of classification or shelving scheme | Dewey Decimal Classification |
| Fecha de la última vez que lo usaron | Número de ingreso o de inventario | Pago total | Signatura topográfica completa | Código de barras | Precio efectivo desde | Tipo de documento | Estado perdido | Sistema de clasificación | Estado dañado | No es para préstamo | Retirado | Ubicación permanente | Ubicación actual | Fecha de adquisición | Número de ejemplar |
|---|---|---|---|---|---|---|---|---|---|---|---|---|---|---|---|
| 15/05/2020 | 1365 | 526.9/Z94/1979 | BibLima25080020 | 15/05/2020 | Libros | Dewey Decimal Classification | Biblioteca Central Lima | Biblioteca Central Lima | 29/10/1982 | ||||||
| 15/05/2020 | 1364 | 526.9/Z94/1979/ej. 2 | BibLima25080021 | 15/05/2020 | Libros | Dewey Decimal Classification | Biblioteca Central Lima | Biblioteca Central Lima | 29/10/1982 | 2 |